[Event "GER-ch U25-B"]
[Site "Willingen"]
[Date "2017.06.10"]
[Round "9"]
[White "Winterberg, Martin"]
[Black "Guo, Philipp Ziming"]
[Result "1/2-1/2"]
[WhiteElo "1207"]
[BlackElo "1070"]
[PlyCount "79"]
[EventDate "2017.06.04"]
[EventType "swiss"]
[EventRounds "9"]
[EventCountry "GER"]
[SourceTitle "CBM 178 Extra"]
[Source "ChessBase"]
[SourceDate "2017.06.22"]
[SourceVersion "1"]
[SourceVersionDate "2017.06.22"]
[SourceQuality "1"]

1. e4 e5 2. Nf3 Nc6 3. Bc4 Bc5 4. 0-0 Nf6 5. d4 exd4 6. e5 d5 7. exf6 dxc4 8. fxg7 Rg8 9. Bg5 f6 10. Re1+ Kf7 11. Bh6 Be6 12. Ng5+ fxg5 13. Qh5+ Ke7 14. Bxg5+ Kd7 15. Bxd8 Raxd8 16. Qxc5 Rxg7 17. g3 Rf7 18. Na3 Rdf8 19. Re2 b6 20. Qg5 Rf5 21. Qh6 Bg8 22. Nxc4 Bxc4 23. Re4 Rxf2 24. Qg7+ Kc8 25. Qg4+ Kb7 26. Rxd4 Nxd4 27. Qxd4 Ba6 28. Qxf2 Rxf2 29. Kxf2 Bc4 30. a3 Bd5 31. Ke3 Bf7 32. Rf1 Bg6 33. c3 Ka6 34. h4 c5 35. g4 Be8 36. Rf8 Bd7 37. g5 Ba4 38. Kd3 Bd1 39. Rh8 Bh5 40. Rxh7 1/2-1/2

[Event "GER-ch U25-B"]
[Site "Willingen"]
[Date "2017.06.05"]
[Round "3"]
[White "Winterberg, Martin"]
[Black "Goetz, Timon"]
[Result "0-1"]
[WhiteElo "1207"]
[BlackElo "1385"]
[PlyCount "68"]
[EventDate "2017.06.04"]
[EventType "swiss"]
[EventRounds "9"]
[EventCountry "GER"]
[SourceTitle "CBM 178 Extra"]
[Source "ChessBase"]
[SourceDate "2017.06.22"]
[SourceVersion "1"]
[SourceVersionDate "2017.06.22"]
[SourceQuality "1"]

1. e4 c5 2. d4 cxd4 3. c3 dxc3 4. Nxc3 a6 5. Bc4 e6 6. Nf3 b5 7. Bb3 Nc6 8. 0-0 Bb7 9. Qe2 Qc7 10. Nd5 exd5 11. exd5+ Nce7 12. Ng5 d6 13. Re1 Nf6 14. Bf4 h6 15. Nxf7 Kxf7 16. Qe6+ Ke8 17. Bxd6 Qd7 18. Bxe7 Qxe6 19. Rxe6 Bxe7 20. d6 Nd5 21. dxe7 Kd7 22. Re5 Kd6 23. Rae1 Rhe8 24. Re6+ Kd7 25. Bxd5 Bxd5 26. R6e5 Kd6 27. f4 Bc6 28. Rd1+ Kc7 29. Re6 Rac8 30. Rc1 Kd7 31. f5 Rxe7 32. Rd1+ Ke8 33. Rdd6 Rxe6 34. fxe6 Ke7 0-1

[Event "GER-ch U25-B"]
[Site "Willingen"]
[Date "2016.05.20"]
[Round "8"]
[White "Goetz, Timon"]
[Black "Winterberg, Martin"]
[Result "1-0"]
[WhiteElo "1268"]
[BlackElo "1046"]
[PlyCount "59"]
[EventDate "2016.05.15"]
[EventType "swiss"]
[EventRounds "9"]
[EventCountry "GER"]
[SourceTitle "CBM 172 Extra"]
[Source "ChessBase"]
[SourceDate "2016.06.21"]
[SourceVersion "1"]
[SourceVersionDate "2016.06.21"]
[SourceQuality "1"]

1. c4 e5 2. e3 Nf6 3. d3 Nc6 4. Nd2 d5 5. cxd5 Nxd5 6. a3 Bd6 7. Be2 0-0 8. Ngf3 Nf6 9. Qc2 Re8 10. 0-0 Qe7 11. b4 e4 12. dxe4 Nxe4 13. Nxe4 Qxe4 14. Bd3 Qg4 15. Bxh7+ Kf8 16. Bd3 Qh5 17. Re1 Bh3 18. Be2 Bg4 19. Bb2 Bxf3 20. Bxf3 Qxh2+ 21. Kf1 Be5 22. Rad1 Bxb2 23. Qxb2 Rad8 24. Ke2 Ne5 25. Rh1 Nc4 26. Qc3 Qf4 27. Rh8+ Ke7 28. Rxe8+ Rxe8 29. exf4 Kf8+ 30. Kf1 1-0

[Event "GER-ch U25-B"]
[Site "Willingen"]
[Date "2016.05.16"]
[Round "3"]
[White "Winterberg, Martin"]
[Black "Oberhofer, Marie"]
[Result "0-1"]
[WhiteElo "1046"]
[BlackElo "1590"]
[PlyCount "72"]
[EventDate "2016.05.15"]
[EventType "swiss"]
[EventRounds "9"]
[EventCountry "GER"]
[SourceTitle "CBM 172 Extra"]
[Source "ChessBase"]
[SourceDate "2016.06.21"]
[SourceVersion "1"]
[SourceVersionDate "2016.06.21"]
[SourceQuality "1"]

1. e4 c5 2. Nf3 d6 3. d4 cxd4 4. Nxd4 Nf6 5. Nc3 g6 6. Nd5 Nxd5 7. exd5 Bg7 8. Bb5+ Bd7 9. 0-0 0-0 10. Re1 a6 11. Bxd7 Nxd7 12. Bg5 Re8 13. Qd2 Rc8 14. Re2 Nf6 15. Nf3 Qb6 16. Rae1 Qxb2 17. Rxe7 Rxe7 18. Rxe7 Rxc2 19. Bxf6 Bxf6 20. Re8+ Kg7 21. Qe3 Qc1+ 22. Qxc1 Rxc1+ 23. Ne1 Bc3 24. Kf1 Rxe1+ 25. Rxe1 Bxe1 26. Kxe1 Kf6 27. f4 Kf5 28. Ke2 Ke4 29. g4 Kxf4 30. Kd3 Kxg4 31. Ke4 f6 32. a4 Kh3 33. Kf4 Kxh2 34. Kg4 Kg2 35. a5 h5+ 36. Kf4 h4 0-1